|
|
|
|
| LEADER |
00000nam0a2200000 4500 |
| 001 |
350873 |
| 005 |
20231102010339.0 |
| 035 |
|
|
|a (RuTPU)RU\TPU\retro\5246
|
| 090 |
|
|
|a 350873
|
| 100 |
|
|
|a 20190313d1955 km y0rusy50 ca
|
| 101 |
0 |
|
|a rus
|
| 102 |
|
|
|a RU
|
| 105 |
|
|
|a a z 001zy
|
| 200 |
1 |
|
|a Основные принципы конструирования деталей массовой и серийной радиоаппаратуры
|f А. Д. Фролов
|
| 210 |
|
|
|a Москва
|a Ленинград
|c Госэнергоиздат
|d 1955
|
| 215 |
|
|
|a 342 с.
|c ил.
|
| 317 |
|
|
|5 63413507: КР-6242
|a Поступила в НТБ в 1987 г. в дар от вдовы ученого Е. К. Завадовской
|
| 320 |
|
|
|a Библиогр.: с. 341-342
|
| 606 |
1 |
|
|a Радиоаппаратура
|x Детали
|x Конструкция и расчет
|2 stltpush
|3 (RuTPU)RU\TPU\subj\22453
|9 47205
|
| 610 |
1 |
|
|a эксплуатационные требования
|
| 610 |
1 |
|
|a материалы
|
| 610 |
1 |
|
|a конструирование
|
| 610 |
1 |
|
|a штампованные детали
|
| 610 |
1 |
|
|a точеные детали
|
| 610 |
1 |
|
|a литые детали
|
| 610 |
1 |
|
|a пластмассовые детали
|
| 610 |
1 |
|
|a магнитодиэлектрики
|
| 610 |
1 |
|
|a неметаллические магнитные материалы
|
| 610 |
1 |
|
|a керамические детали
|
| 610 |
1 |
|
|a поверхностные покрытия
|
| 610 |
1 |
|
|a поверхностные слои
|
| 610 |
1 |
|
|a химико-технологическая обработка
|
| 610 |
1 |
|
|a библиотека А. А. Воробьева
|
| 610 |
1 |
|
|a дары библиотеке
|
| 675 |
|
|
|a 621.396.69.001
|v 4
|
| 700 |
|
1 |
|a Фролов
|b А. Д.
|g Алексей Дмитриевич
|
| 801 |
|
1 |
|a RU
|b 63413507
|c 20190313
|
| 801 |
|
2 |
|a RU
|b 63413507
|c 20200312
|g RCR
|
| 942 |
|
|
|c BK
|